000 00374nam a2200145Ia 4500
005 20250314065841.0
008 240331s9999 xx 000 0 und d
082 _bPUT
_a894
100 _aPuthumaipiththan,
245 0 _aKanmani kamalavukku
260 _aChennai
_bBama Prasuram
_c1994
300 _a186 p .,
500 _aA book About Documentary, and animation
942 _cL
999 _c3957
_d3957